| 000 | 00553nam a2200193 a 4500 | ||
|---|---|---|---|
| 001 | 000027736 | ||
| 003 | DO-SdBNP | ||
| 005 | 20250411112033.0 | ||
| 008 | 110404s1989 dr a 000 0 spa d | ||
| 040 |
_aDO-SdBNP _bspa _cBNPHU |
||
| 082 |
_a972.93053 _bR763d |
||
| 100 | 1 |
_aRomero, Cesar L. _91165 |
|
| 245 | 1 | 0 |
_aDel duro exilio / _cCesar L. Romero. |
| 260 |
_aSanto Domingo : _bImpresora Valdez, _c1989. |
||
| 300 |
_a186 p. : _bil. ; _c20 cm. |
||
| 590 | _aInventariado, 2019/MFF | ||
| 910 | _aValidado. Control de calidad MFF | ||
| 942 |
_2ddc _cLBS1 |
||
| 999 |
_c27228 _d27228 |
||